00379nam a2200133Ia 45000030006000000080041000060400015000471000020000622450104000822500010001862600020001965460012002160050017002280STCL150530s9999 xx 000 0 und d aSTCLcSTCL aSelby, F.G.; Ed aBurkes speeches on American taxation on councilation with Americaand letter to the Sheriffs of Bris aFirst bMacmillanc1917 aEnglish20220125171139.0